Meditaciones filosóficas sobre el paisaje / (Record no. 193529)
[ view plain ]
| 000 -LEADER | |
|---|---|
| campo de control de longitud fija | 03128nam a2200325 i 4500 |
| 001 - NÚMERO DE CONTROL | |
| campo de control | 193529 |
| 003 - IDENTIFICADOR DE NÚMERO DE CONTROL | |
| campo de control | ES-MaACL |
| 005 - FECHA Y HORA DE LA ÚLTIMA TRANSACCIÓN | |
| campo de control | 20240903062955.0 |
| 008 - DATOS DE LONGITUD FIJA--INFORMACIÓN GENERAL | |
| campo de control de longitud fija | 220812s2019 sp ||||| |||| 00| 0 spa d |
| 020 ## - NÚMERO INTERNACIONAL ESTÁNDAR DEL LIBRO | |
| Número Internacional Estándar del Libro | 9788413111322 |
| 040 ## - FUENTE DE CATALOGACIÓN | |
| Centro catalogador/agencia de origen | ES-MaACL |
| Centro/agencia transcriptor | ES-MaACL |
| 100 ## - ENTRADA PRINCIPAL--NOMBRE DE PERSONA | |
| Nombre de persona | Csejtei, Dezso |
| 9 (RLIN) | 234830 |
| Término indicativo de función/relación | Autor |
| 245 10 - MENCIÓN DEL TÍTULO | |
| Título | Meditaciones filosóficas sobre el paisaje / |
| Mención de responsabilidad, etc. | Dezso Csejtei, Anikó Juhász ; el texto fue revisado por Izascún Pérez y Julio Zavaleta. |
| 250 ## - MENCION DE EDICION | |
| Mención de edición | 1ª edición: octubre 2019 |
| 264 #1 - PRODUCCIÓN, PUBLICACIÓN, DISTRIBUCIÓN, FABRICACIÓN Y COPYRIGHT | |
| Producción, publicación, distribución, fabricación y copyright | Salamanca : |
| Nombre del de productor, editor, distribuidor, fabricante | Ediciones Universidad de Salamanca, |
| Fecha de producción, publicación, distribución, fabricación o copyright | 2019. |
| 300 ## - DESCRIPCIÓN FÍSICA | |
| Extensión | 290 páginas ; |
| Dimensiones | 25 cm |
| 490 1# - MENCIÓN DE SERIE | |
| Mención de serie | Biblioteca de pensamiento & sociedad ; |
| Designación de volumen o secuencia | 116 |
| 520 ## - RESUMEN, ETC. | |
| Sumario, etc. | El tema del paisaje ha sido tratado hasta ahora principalmente desde un punto de vista estético o artístico. El objetivo fundamental de esta obra es alumbrar sus raíces filosóficas, ontológicas y hermenéuticas, a través de los escritos de algunos filósofos alemanes y españoles. Primeramente, dedicamos un capítulo breve a los antecedentes históricos del descubrimiento del paisaje en la cultura europea (arte, geografía, filosofía). Después examinamos la contribución esencial de algunos filósofos alemanes en la invención del tema del paisaje. Las aportaciones de Georg Simmel son importantes, en primer lugar, desde un punto de vista psicológico en la constitución del paisaje. Las explicaciones de Oswald Spengler sobre el paisaje tienen su vigencia en el terreno de la morfología de las culturas que son entidades supremas de la historia. Al fin, las observaciones dispersas de Martin Heidegger ayudan mucho en sacar a la luz del día los aspectos ontológicos del paisaje.<br/>En el libro hemos dedicado una atención especial a presentar los resultados españoles en la tematización del paisaje. En primer lugar, un resumen breve sobre los pasos decisivos en el descubrimiento del paisaje en la cultura española especialmente en la pintura. En este sentido el arte de Ignacio Zuloaga ocupa un lugar distinguido en nuestro examen. Sigue un análisis detallado del paisajismo de dos cumbres intelectuales de España, Miguel de Unamuno y José Ortega y Gasset. Hemos intentado demostrar que sus elaboraciones filosóficas están al mismo nivel que las aportaciones de los filósofos alemanes.<br/>Nuestra conclusión es que en la era de la globalización el paisaje significa la defensa de lo local. Más aún, el paisaje tiene también un carácter terapéutico: podemos decir que en cierto sentido el paisaje es un ungüento para nuestro alejamiento del Ser. |
| 700 1# - ENTRADA AGREGADA--NOMBRE PERSONAL | |
| Nombre de persona | Anikó, Juhász |
| 9 (RLIN) | 234831 |
| 700 1# - ENTRADA AGREGADA--NOMBRE PERSONAL | |
| Nombre de persona | Pérez, Izascún |
| 9 (RLIN) | 234832 |
| 700 1# - ENTRADA AGREGADA--NOMBRE PERSONAL | |
| Nombre de persona | Zavaleta, Julio |
| 9 (RLIN) | 234833 |
| 830 ## - PUNTO DE ACCESO ADICIONAL DE SERIE-TÍTULO UNIFORME | |
| Título uniforme | Biblioteca de pensamiento y sociedad ; |
| 9 (RLIN) | 235000 |
| Designación de volumen o secuencia | 116 |
| 852 ## - LOCALIZACIÓN | |
| Ubicación | ES-MaACL |
| Sublocalización o colección | R.154904 |
| Ubicación en estantería | Depósito J |
| Donativo/Legado | Donación: Editorial |
| Encuadernación | Encuadernación rústica |
| Número de control de estantería | N-9650 |
| itemnumber | 201149 |
| 942 ## - ELEMENTOS DE ENTRADA SECUNDARIOS (KOHA) | |
| Suprimir en OPAC | No |
| Tipo de ítem Koha | Libro impreso |
| Estatus retirado | Estado de pérdida | Fuente del sistema de clasificación o colocación | Estado de daño | No para préstamo | Biblioteca de origen | Biblioteca actual | Ubicación en estantería | Fecha de adquisición | Fuente de adquisición | Total de préstamos | Signatura topográfica completa | Código de barras | Visto por última vez | Precio de reemplazo | Tipo de ítem Koha |
|---|---|---|---|---|---|---|---|---|---|---|---|---|---|---|---|
| Clasificación decimal universal | Biblioteca del Ateneo de Madrid | Biblioteca del Ateneo de Madrid | Depósito J | 15/12/2023 | Donación | N-9650 | 101206542 | 31/01/2024 | 31/01/2024 | Libro impreso |
